Bunga

Bibliographic Details
Main Author: Jennings, Terry
Format: Book
Published: Petaling Jaya : Fajar Bakti Sdn.Bhd. , 1981
Series:Saintis Muda Menyelidik
Subjects:

MARC

LEADER 00000cam a2200000 7i4500
001 0000007720
002 000008290
005 20060207.0
020 |a 9676502723 
090 0 0 |a 500   |b JEN 
100 1 |a Jennings, Terry 
245 1 0 |a Bunga   |c Terry Jennings 
260 |a Petaling Jaya :   |b Fajar Bakti Sdn.Bhd. ,   |c 1981 
300 |a 32 p. :   |b ill ;   |c 36 cm. 
490 0 |a Saintis Muda Menyelidik 
650 0 0 |a Flower gardening 
999 |a 0010973   |b BUKU   |c JUNIOR BOOKS   |e PERPUSTAKAAN KOMUNITI CAW KOTA DAMANSARA